[Event "Groningen PCA"]
[Site "Groningen"]
[Date "1993.??.??"]
[Round "10"]
[White "Beliavsky, Alexander G"]
[Black "Romanishin, Oleg M"]
[Result "0-1"]
[WhiteElo "2635"]
[BlackElo "2615"]
[Annotator "Kortschnoj,V"]
[PlyCount "114"]
[EventDate "1993.12.??"]
[EventType "swiss"]
[EventRounds "11"]
[EventCountry "NED"]
[SourceTitle "CBM 039"]
[Source "ChessBase"]
[SourceDate "1994.04.01"]
[SourceVersion "1"]
[SourceVersionDate "1994.04.01"]
[SourceQuality "1"]

1. d4 {Ftacnik} Nf6 2. c4 e6 3. Nc3 Bb4 4. Qc2 d5 5. cxd5 Qxd5 6. Nf3 Qf5 $1 {
TN} (6... O-O {Ftacnik} 7. Bd2 (7. e3 c5 8. Bd2 Qh5 $1 9. Be2 cxd4 10. Nxd4 Qg6
11. O-O e5 12. Bd3 Qh5 13. Nde2 Nc6 14. a3 Bxc3 15. Bxc3 Be6 16. Ng3 Qh4 17.
Nf5 Qh5 18. Ng3 Qh4 {Sokolov,I-Romanishin,O/Groningen 54/(538)/1991/0.5 (19)})
7... Bxc3 8. Bxc3 b6 9. Nd2 $1 $14 Bb7 10. f3 Qg5 11. e4 Nc6 12. Nb3 a5 13. Qf2
Rfd8 14. Rd1 a4 15. Nc1 a3 $1 16. b3 e5 $5 17. h4 $1 Qg6 18. d5 Nd4 19. Bxd4
exd4 20. Bd3 $1 $16 {Sokolov,I-Romanishin,O/Barcelona/1992/1-0 (34)}) (6... c5
{Ftacnik} 7. Bd2 Qd8 8. dxc5 Bxc5 9. e3 Nc6 10. a3 O-O 11. Rd1 Bd7 12. Bc4 Rc8
13. Ba2 h6 14. Bb1 Qe7 15. b4 Bd6 16. O-O Rfd8 17. Bc1 Ne5 18. Nxe5 Bxe5 19.
Bb2 Rc7 20. f4 Bd6 21. Qd3 Bc6 22. Nb5 Bxb5 23. Qxb5 Rcd7 24. Bd4 {Haik,
A-Diesen,M/London (Aaronson 09)/1978/0.5 (50)}) (6... Nc6 {Ftacnik} 7. a3 (7.
e3 O-O 8. Bd2 (8. Be2 e5 9. dxe5 Nxe5 10. O-O Qc5 11. e4 Nxf3+ 12. Bxf3 Bg4 13.
Bxg4 Nxg4 14. Bf4 Rfe8 15. Rad1 Nf6 16. Be3 Qc6 17. f3 Bc5 18. Bxc5 Qxc5+ 19.
Qf2 Qa5 20. Rd2 c5 21. Rfd1 Rac8 22. Qg3 c4 23. Rd6 Kh8 24. Qf4 $14 {Yudovich,
M1-Lisitsin,G/Leningrad-ch/1934/0.5 (28)}) 8... Bxc3 9. Bxc3 a5 10. a3 b6 11.
Bd3 Ba6 12. O-O Bxd3 13. Qxd3 Ne4 14. Nd2 Nxd2 15. Qxd2 Rad8 16. Qc2 f5 17.
Rad1 Rf6 18. f3 Rdf8 19. Rfe1 Rh6 20. e4 fxe4 21. Qxe4 Qd6 22. g3 Ne7 23. f4
Nd5 24. Qe5 $10 {Wood-Stoltz/Zaanstreek (06)/1946/0.5 (69)}) 7... Bxc3+ 8. bxc3
e5 9. e3 exd4 10. cxd4 Bf5 11. Bd3 Bxd3 12. Qxd3 O-O 13. O-O Na5 14. Rb1 Nc4
15. Nd2 Nxd2 16. Qxd2 Ne4 17. Qb2 Nd6 18. Bd2 b5 19. Bb4 Nc4 20. Qc3 Rfe8 21.
Rfe1 f5 22. Bc5 a6 23. h3 c6 24. Qd3 {Bolbochan,Ja-Iliesco,J/Mar del Plata (06)
/1936/0.5 (29)}) 7. Qxf5 (7. Qa4+ Nc6 8. Bd2 Bd7 9. Rc1 O-O 10. e3 $13) (7. Qb3
{Ftacnik} c5 8. e3 O-O $13) 7... exf5 $10 8. Bd2 (8. a3 $5) 8... c6 9. e3 Nbd7
10. Bd3 (10. Bc4 $10) 10... Nb6 11. Ne2 $6 (11. Ke2 O-O 12. Rhc1 $10) 11... Bd6
12. O-O Ne4 13. Ba5 O-O 14. Rfc1 Re8 15. Nd2 Nxd2 16. Bxd2 a5 $15 17. a3 Be6
18. f3 g6 19. Kf2 Bb3 20. h3 h5 21. g3 $6 (21. Bc2 $15) 21... a4 22. e4 fxe4
23. fxe4 Bf8 $1 24. g4 hxg4 25. hxg4 Bg7 26. g5 Nd7 27. Bb4 Rad8 $17 28. Bd6 (
28. Ke3 f5 29. e5 Bxe5 30. dxe5 Nxe5 $19) 28... c5 29. Rxc5 (29. Bxc5 Nxc5 30.
Rxc5 Rxd4 31. Bb5 Red8 $17) 29... Nxc5 30. Bxc5 Re6 31. Ke3 (31. d5 Bxd5 32.
Nf4 Rxe4 33. Nxd5 Rxd5 34. Bxe4 Rxc5 $17) 31... f5 $1 32. gxf6 (32. Nf4 $5)
32... Bh6+ 33. Kf3 Rxf6+ 34. Kg3 Rc6 35. Be7 (35. Bb5 $5) 35... Re8 36. Bc5 Rd8
37. Be7 Rd7 38. Bb4 Bc4 39. Bxc4+ Rxc4 40. Bc3 Rf7 41. Rh1 Bg7 42. e5 Rf5 43.
Rh4 Rg5+ 44. Kh3 (44. Kf3 Rxe5 $19) 44... Rh5 45. Rxh5 gxh5 46. Ng3 (46. Kh4
Bxe5 47. Kxh5 Bd6 48. Kg6 b5 49. Kf6 b4 50. axb4 Bxb4 51. Bxb4 Rxb4 52. Nc3
Rxd4 53. Ke5 Rc4 $19) 46... Bf8 47. e6 Bxa3 48. d5 Rxc3 $1 $19 49. bxc3 Bf8 50.
Nf5 a3 51. d6 Bxd6 52. Nxd6 Kf8 53. e7+ Kxe7 54. Nf5+ Kf6 55. Nd4 a2 56. Nc2
Ke5 57. Kh4 Kd6 0-1

[Event "Tata Steel-C 74th"]
[Site "Wijk aan Zee"]
[Date "2012.01.17"]
[Round "4"]
[White "Grover, Sahaj"]
[Black "Adhiban, Baskaran"]
[Result "0-1"]
[WhiteElo "2532"]
[BlackElo "2561"]
[Annotator "Let's Check Training"]
[PlyCount "76"]
[EventDate "2012.01.14"]
[EventType "tourn"]
[EventRounds "13"]
[EventCountry "NED"]
[EventCategory "9"]
[SourceTitle "CBM 147"]
[Source "ChessBase"]
[SourceDate "2012.03.16"]
[SourceVersion "1"]
[SourceVersionDate "2012.03.16"]
[SourceQuality "1"]

1. d4 Nf6 2. c4 e6 3. Nc3 Bb4 4. Qc2 d5 5. cxd5 Qxd5 6. Nf3 Qf5 7. Qb3 c5 8. a3
Ba5 9. dxc5 Qxc5 10. Bd2 Nc6 11. Qc2 Qe7 12. Bg5 h6 13. Bh4 O-O 14. e4 e5 15.
b4 Nxb4 16. axb4 Bxb4 17. Bxf6 gxf6 18. Nd2 Be6 19. Nd5 Bxd5 20. exd5 e4 21.
Kd1 f5 22. Bc4 Rfd8 23. Ke2 Rac8 24. Qb3 b5 25. Qg3+ Kh7 26. Bb3 Bxd2 27. Kxd2
Qb4+ 28. Ke2 Rc3 29. Qf4 Qxb3 30. Qxf5+ Kg8 31. Rhd1 Qc4+ 32. Ke1 e3 33. fxe3
Re8 (33... Rc2 34. Qf3 Rd6 $19) 34. Kf2 $17 Rcxe3 35. Kg1 R8e5 36. Qd7 $2 (36.
Qf2 Re2 37. Qf3 $17) 36... Re2 $19 37. Rf1 $2 (37. Qh3 Rxd5 38. Rxd5) {[%tqu
"En","","","","e2g2","",10]} 37... Rxg2+ $3 $19 38. Kxg2 Qe2+ 0-1

[Event "Abu Dhabi op 14th"]
[Site "Abu Dhabi"]
[Date "2004.08.16"]
[Round "3"]
[White "Harikrishna, Pentala"]
[Black "Safin, Shukhrat"]
[Result "1-0"]
[WhiteElo "2609"]
[BlackElo "2466"]
[Annotator "Marin,M"]
[PlyCount "146"]
[EventDate "2004.08.14"]
[EventType "swiss"]
[EventRounds "9"]
[EventCountry "UAE"]
[SourceTitle "CBM 103"]
[Source "ChessBase"]
[SourceDate "2004.11.11"]
[SourceVersion "1"]
[SourceVersionDate "2004.11.11"]
[SourceQuality "1"]

1. d4 Nf6 2. c4 e6 3. Nc3 Bb4 4. Qc2 d5 5. cxd5 Qxd5 6. Nf3 Qf5 7. Qxf5 exf5 8.
a3 Be7 9. Bf4 c6 10. e3 Be6 11. Nd2 Nbd7 12. Nc4 b6 13. Nd6+ Kf8 14. Nc4 Nh5
15. Be5 Nhf6 16. Rc1 c5 17. h3 Nd5 18. dxc5 Nxc3 19. Bxc3 Nxc5 20. Ne5 Rc8 21.
Bb5 f6 22. Nc6 a6 23. Nxe7 Kxe7 24. Be2 a5 25. O-O Nb3 26. Rcd1 Rhd8 27. Rxd8
Rxd8 28. Re1 Rc8 29. Rd1 Bc4 30. Bf3 Nc5 31. Bd4 b5 32. Bc3 Nb3 33. e4 fxe4 34.
Bxe4 g6 35. Bc2 Ra8 36. h4 Ra7 37. h5 gxh5 38. Bxh7 Ke6 39. Bg6 Rg7 40. Bxh5
Bd5 41. Re1+ Kd6 42. g4 Rg8 43. Rd1 Rf8 44. f4 Kc5 45. Kf2 Bc4 46. Kg3 b4 47.
Be1 bxa3 48. bxa3 Kb5 49. Rd6 Nc5 50. Rd4 f5 51. gxf5 Nd3 52. Bc3 Rxf5 53. Bg6
Rxf4 54. Rxf4 Nxf4 55. Be8+ Kb6 56. Bd4+ Ka6 57. Kxf4 Bb5 58. Bf7 a4 59. Ke5
Be2 60. Be8 Bd1 61. Bc6 Bb3 62. Kd6 Bd1 63. Be4 Be2 64. Be3 Bb5 65. Kc7 Be8 66.
Bc6 Bxc6 67. Kxc6 {[%csl Ra7,Ya8,Rb5,Rb6,Rb7] The promoting square of White's
pawn is not controlled by the bishop. If the black king could get there a draw
would be inevitable, but this is not the case. Das Umwandlungsfeld des weißen
Bauern wird vom Läufer nicht kontrolliert. Wenn der schwarze König dorthin
gelangen könnte, wäre das Remis unausweichlich, aber dies ist nicht der Fall.}
Ka5 68. Kb7 Kb5 69. Bb6 $22 {[%csl Ya5]} Kc4 70. Kc6 Kb3 71. Bc5 Kc4 72. Bd6 $1
{[%csl Ye5]} Kd4 73. Kb5 Kd5 (73... Kd5 74. Bh2 $22 Ke6 (74... Kd4 75. Kxa4 Kc5
76. Ka5 Kc6 77. Ka6 $18 {[%csl Rb6,Rb7,Rb8,Rc7]}) 75. Kxa4 Kd7 76. Kb5 Kc8 77.
Kb6 $18 {[%csl Rb7,Rb8,Rc5,Rc6,Rc7,Rd6][%cal Ya3a8]}) 1-0

[Event "Bled op 17th"]
[Site "Bled"]
[Date "1996.??.??"]
[Round "2"]
[White "Jelen, Igor"]
[Black "Beliavsky, Alexander G"]
[Result "0-1"]
[WhiteElo "2400"]
[BlackElo "2615"]
[Annotator "Mencinger,V"]
[PlyCount "68"]
[EventDate "1996.03.??"]
[EventType "swiss"]
[EventRounds "9"]
[EventCountry "SLO"]
[SourceTitle "CBM 051 Extra"]
[Source "ChessBase"]
[SourceDate "1996.05.01"]
[SourceVersion "1"]
[SourceVersionDate "1996.05.01"]
[SourceQuality "1"]

1. d4 Nf6 2. c4 e6 3. Nc3 Bb4 4. Qc2 d5 5. cxd5 Qxd5 6. Nf3 Qf5 {Romanishins
idea.} (6... O-O 7. Bd2 (7. e3 c5 8. Bd2 Qh5 9. Be2 cxd4 10. Nxd4 Qg6 11. O-O
e5 12. Bd3 Qh5 13. Nde2 Nc6 14. a3 Bxc3 15. Bxc3 Be6 16. Ng3 Qh4 17. Nf5 Qh5 {
1/4:1/4 Sokolov,I-Romanishin,O Groningen 1991}) 7... Bxc3 8. Bxc3 b6 {Skolov,
I-Romanishin,O/Barcelona ;CBM 30}) 7. Qd1 (7. Qb3 {N} c5 (7... Nc6 $5 {Hansen,
LB Dao Thien Hai-Kortschnoj,Moscow olm/1994/}) 8. a3 Bxc3+ {N} (8... Ba5 {
Romanishin,O} 9. e3 (9. Qb5+ {Romanishin,O} Nc6 10. Qxc5 Qxc5 11. dxc5 Ne4 12.
Bd2 Nxc5 13. b4 Nb3 14. Rd1 Nxd2 15. Nxd2 Bc7) 9... Nc6 10. Be2 cxd4 11. exd4
Qd5 $6 (11... O-O {Romanishin,O} 12. O-O Bxc3 13. bxc3 b6 $10) (11... Qe4 $5
$146 {Hansen,LB} 12. Bd2 Bxc3 13. bxc3 O-O 14. Be3 Na5 $1 15. Qb5 b6 16. Nd2 $6
(16. h3 $5 Bb7 (16... Nd5 $4 {Hansen,LB} 17. Bd3 $18) 17. O-O $13) 16... Qg6
17. Qd3 $6 {With hanging pawns White should try to keep the queens on.} Bb7 18.
Qxg6 hxg6 19. O-O Rac8 20. c4 Ba6 $15 {X c4,d4} 21. Rfc1 Rfd8 22. Rc2 Ne8 $1
23. Rac1 Nd6 24. g4 f6 25. Kf1 g5 26. a4 Nc6 27. Rb2 Nb7 28. c5 $6 {Doesn`t
work,but the position was unpleasant.} Bxe2+ 29. Kxe2 Nxd4+ 30. Bxd4 Rxd4 31.
a5 $5 Rxc5 32. Rxc5 Nxc5 33. axb6 axb6 34. Rxb6 Rxg4 35. Rc6 Nd7 36. Rxe6 Ne5
$17 37. Nf1 Re4+ 38. Ne3 Kf7 39. Ra6 Ng4 40. Ra7+ Kg6 41. Kf3 Rf4+ 42. Kg3 Ne5
43. Ra2 Rd4 44. h3 Nd3 45. Kh2 Rh4 46. Ng2 Re4 47. Kg3 f5 48. Rd2 f4+ 49. Kf3
Rd4 50. Ke2 Nc1+ 51. Ke1 Nb3 52. Rb2 $6 (52. Rxd4 {Hansen,LB} Nxd4 $17 {X h3})
52... Rd3 $19 53. h4 f3 54. h5+ Kxh5 55. Ne3 g4 56. Nd1 Kh4 57. Ra2 Nd4 58. Ne3
g3 59. fxg3+ Kxg3 60. Nf1+ Kf4 61. Kf2 g5 62. Ng3 g4 63. Nh5+ Kg5 64. Ng3 Kh4
65. Rb2 Ne2 $1 66. Nf5+ (66. Nxe2 {Hansen,LB} fxe2 67. Rxe2 (67. Kxe2 Rf3 $19)
67... Kh3 68. Kg1 (68. Re1 Kh2 $19 (68... g3+ $2 69. Kg1 $10)) 68... Rd1+ $1 (
68... g3 $2 69. Re1 $10) 69. Kf2 g3+ $19) 66... Kh3 {0-1 Onischuk,A-Short,N/
Wijk (D2.2) ;CBM 45 1995}) 12. Bc4 Qe4+ 13. Be3 O-O (13... Nd5 14. O-O Bxc3 15.
bxc3 Nxe3 16. Rfe1 Qc2 17. fxe3 Qxb3 18. Bxb3 Na5 19. Ba2 b6 $10) 14. O-O Bxc3
15. Qxc3 Bd7 16. Rae1 Qf5 (16... Rac8 17. Bg5 Qf5 18. Bd3) 17. Bd3 Qh5 18. Qd2
Rac8 (18... h6 $5 19. Ne5 Rfd8 20. f4 Ng4) 19. Bg5 Nd5 20. Re4 f5 21. Rh4 Qf7
22. Kh1 (22. Rh3 $1 {/\} h6 $2 23. Bxh6 gxh6 24. Qxh6 $18) 22... h6 23. Bxh6 $5
gxh6 24. Rxh6 $2 (24. g4 $1 f4 $8 25. g5 h5 26. Kg1 Nde7 27. g6 Qg7 28. Be4 $5)
24... Qg7 25. g4 fxg4 $1 26. Rg6 Rxf3 27. Qg5 (27. Rxg7+ Kxg7 28. Qg5+ Kf8)
27... Rf7 28. Qxg4 Nce7 29. Rxg7+ Rxg7 30. Qh4 Bc6 $19 31. f3 Ne3 32. Bh7+ Rxh7
$1 33. Qg5+ (33. Rg1+ Kf8 $1) 33... Kf7 34. Qxe3 Nf5 35. Qe5 Bd5 36. Kg1 Rc2 (
36... Rg7+ 37. Kf2 Rc2+) 37. Rf2 Rc1+ 38. Rf1 Rc2 39. Rf2 Rc1+ 40. Rf1 Rc4 41.
Kf2 Rc2+ {0-1 Shabalov,A-Romanishin,O/Bad Godesberg 59/590 1994}) 9. Qxc3 Nbd7
10. g3 Ne4 11. Qe3 b6 $1 (11... Ndf6 12. Bg2 {/\} Ng4 13. Qb3 Ngxf2 14. Rf1 $18
) 12. dxc5 $5 (12. Bg2 Bb7 13. Nd2 Ndf6 $10) 12... Ndxc5 (12... bxc5 13. Bg2
Bb7 14. O-O O-O 15. b4 $13) 13. b4 Na4 14. Bh3 $5 (14. Bg2 Bb7 15. Nd2 Nd6 $10)
14... Qd5 $8 (14... Qxh3 15. Qxe4 Rb8 16. Bf4 Bb7 17. Qc2 $18) 15. Bg2 Bb7 16.
Nd2 $1 (16. Ng5 O-O-O 17. O-O Qxg5 18. Qxg5 Nxg5 19. Bxg5 f6 20. Rac1+ Kb8 21.
Be3 Bxg2 22. Kxg2 Rd6 $15) 16... f5 17. Nxe4 fxe4 18. O-O O-O (18... Rc8 19.
Bd2 O-O 20. Rfc1 $10) 19. Rb1 $1 Rac8 20. Bb2 Nxb2 (20... Rfd8 21. Ba1 $16) 21.
Rxb2 Rfd8 22. Rb3 $1 Qd4 (22... Rc4 $6 23. Rd3 Rd4 24. Rc3 Rc4 25. Rxc4 Qxc4
26. Rc1 $14) 23. Bh3 Qd6 $2 (23... Qf6 24. f3 Qe5 25. fxe4 Bxe4 26. Bg2 Rc4 27.
Rd3 Rdc8 28. Rfd1 $14) 24. Rbb1 Bd5 25. Rbd1 Rc4 (25... Qe5 26. Rd4 {/\ Bg2})
26. Qg5 $1 (26. Rd2 Qe5 $10) 26... Rd7 (26... h6 $2 27. Bxe6+ $18) 27. Rd2 $2 (
27. Rxd5 $1 exd5 28. Bxd7 Qxd7 29. Rd1 d4 30. Qe5 d3 31. exd3 Rd4 32. Rc1 exd3
33. Rc7 Qxc7 34. Qe8#) 27... h6 28. Qh5 (28. Qg6 Re7 29. Bf5 Qe5 30. Qh7+ Kf7
31. Bg6+ Kf6 32. h4 $13) 28... Qe7 29. Qe5 (29. Rfd1 Rdc7 30. Rxd5 exd5 31.
Qxd5+ Kh7 $1 32. e3 $10) 29... Kh8 (29... Rdc7) 30. Rfd1 Rdc7 31. Bg2 (31. Rxd5
exd5 32. Qxd5 Rc1 33. Rxc1 Rxc1+ 34. Kg2 $10) 31... Qf6 32. Qh5 (32. Rxd5 exd5
33. Qxd5 e3 34. fxe3 $10) 32... Rc1 33. e3 (33. h4 Rxd1+ 34. Rxd1 Rc2 35. Rxd5
exd5 36. Qxd5 Rc1+ 37. Kh2 Qxf2 38. Qa8+ Kh7 39. Qxe4+ $10) 33... Rxd1+ 34.
Qxd1 Qc3 (34... Qe5 $10 {/\ Rc3}) 35. h4 $1 Qxa3 $6 (35... Qe5 $1 $10) 36. Rxd5
$1 Rc1 $6 (36... exd5 37. Qxd5 Qc1+ 38. Kh2 Qc4 39. Qd8+ Kh7 40. Qe8 Qf7 41.
Qxe4+ $13) 37. Rd8+ Kh7 38. Bxe4+ g6 39. h5 $16 Rxd1+ 40. Rxd1 Qxb4 41. Bxg6+
$1 Kg7 42. Rd7+ Kf6 43. Rxa7 {Q 5/i} Qd2 $1 (43... b5 44. Rh7 Qf8 45. Rf7+ Qxf7
46. Bxf7 Kxf7 47. Kf1 $18) 44. Rh7 (44. Rf7+ Ke5 45. Rf4 b5 46. g4 b4 47. g5
hxg5 48. Rd4 Qe1+ 49. Kg2 Kf6) 44... Qd1+ 45. Kg2 Qd5+ 46. Kg1 Qd1+ 47. Kg2
Qd5+ 48. Kh2 Qd2 49. Kh3 e5 (49... Qd1 50. Kh4 $1) 50. Be8 (50. Rb7 b5) 50...
Qc2 (50... b5 51. Rxh6+ Ke7 52. Bxb5 Qxf2 53. e4 $18) 51. Bg6 (51. Rxh6+ Ke7
52. Bb5 Qxf2 53. e4) 51... Qd1 52. Kg2 (52. Kh4 $1 Qh1+ 53. Kg4 Qd1+ 54. f3 Qd2
55. Rxh6 Qxe3 56. Rh7 Qg5+ 57. Kh3 Qc1 58. Rf7+ $18) 52... Qd5+ 53. Kh2 Qd2 54.
Kg2 Qd5+ 55. e4 $2 Qd2 $10 56. Rb7 Qd4 (56... Qb2 57. Be8 Qd4 $10) 57. Bf5 Qc5
58. Rh7 Qc1 59. Rh8 Ke7 $2 (59... b5 $10) 60. Rc8 Qd2 61. Rc7+ (61. Rc6 b5 62.
Re6+ Kf8 63. Rxe5 b4 64. Rb5 Qc3 $14) 61... Kf8 62. Rd7 Qg5 $1 (62... Qb4 63.
g4 $18) 63. Rd6 b5 (63... Qxh5 64. Rxb6 Qd1 65. Rxh6 Qd4 66. g4 Qd2 67. Rh5 Kg7
68. g5 Kf7 69. g6+ Kg8 70. Rh7 Qd6 71. Kg3 Qd3+ 72. Kh4 Qd6 73. Rd7 $18 {
Beliavsky,A}) 64. g4 $2 (64. Rb6 Qxh5 65. Rxb5 Qe8 66. Rb6 h5 67. Rh6 Kg7 68.
Rh7+ Kg8 69. Kh3 Qb5 $13) 64... Kf7 $1 $10 65. Rb6 Qd2 66. Rxb5 Kf6 67. Rb6+
Kg5 $4 (67... Kf7 68. Rg6 Qf4 69. g5 hxg5 70. h6 g4 71. h7 Qf3+ 72. Kg1 Qd1+
73. Kh2 Qf3 74. h8=N+ Ke7 75. Rxg4 Qxf2+ 76. Kh3 Qf3+ $10) 68. Rg6+ Kf4 (68...
Kh4 69. g5 $18) 69. Rxh6 Qd1 70. Rf6 $18 Qf3+ 71. Kg1 Kg5 72. Rd6 (72. Rf7 $1)
72... Qa3 (72... Qg3+ 73. Kf1 $1) 73. Rd7 Qb3 74. Kg2 Qc3 75. Rd8 (75. Rd1 Kf4)
75... Qa3 76. Rd1 Kf4 (76... Qc3 77. Rh1) 77. Re1 Qd6 78. Rh1 Qh6 79. Rh3 Kg5
80. Rf3 Qc6 81. Rh3 Qh6 82. Kf3 {/\ 82... Kf6 83. g5 1-0 Bareev,E-Beliavsky,A/
Linares 60/508 1994}) (7. Qxf5 exf5 8. Bd2 (8. a3 Be7 (8... Be7 9. b4 c6 10. e3
Be6 11. Bd3 Nbd7 12. Ng5 Nd5 13. Nxe6 fxe6 $10 {Alterman,B-Hamdouchi,H/Etoiles/
1994/})) 8... c6 9. e3 Nbd7 10. Bd3 Nb6 11. Ne2 (11. a3 Bd6 12. b4 O-O 13. b5 (
13. O-O {Hansen,LB} g6 14. b5 c5 15. a4 Be6 16. Rfc1 Rac8 {1/2-1/2/Alterman,
B-Davies,N/Rishon Le Zion/1994/}) 13... c5 14. a4 $5 Be6 15. dxc5 Bxc5 16. Ng5
Rfd8 17. Nxe6 fxe6 18. Ke2 Rd7 19. Rhd1 Rad8 20. Be1) 11... Bd6 12. O-O Ne4 (
12... O-O $5 13. Rfc1 a5 {/\ g6, Be6}) 13. Ba5 O-O 14. Rfc1 Re8 15. Nd2 Nxd2
16. Bxd2 a5 $1 $10 17. a3 Be6 (17... a4 18. Bb4 $1) 18. f3 g6 19. Kf2 Bb3 20.
h3 h5 21. g3 a4 22. e4 $2 fxe4 23. fxe4 Bf8 $1 $15 {><d4, e4} 24. g4 hxg4 25.
hxg4 Bg7 26. g5 Nd7 (26... Rad8 27. Ba5 Rxd4 28. Nxd4 Bxd4+ 29. Kf3 Re5 30.
Bxb6 Bxb6 31. Bc4 Bd4 32. Bxb3 axb3 33. Rd1 c5 34. Rab1 Rxg5 35. Rd3 $44) 27.
Bb4 (27. Ke3 Nf8 28. Nf4 Rad8 29. Bc3 Ne6 30. Nxe6 Rxe6 $17) 27... Rad8 (27...
Nf8 {Romanishin,O} 28. Bxf8) 28. Bd6 c5 $1 29. Rxc5 $8 Nxc5 30. Bxc5 Re6 31.
Ke3 $8 f5 (31... b6 {Romanishin,O} 32. Bb4 f5 33. e5 Bxe5 34. dxe5 Rxe5+ 35.
Kf4 Rxd3 36. Kxe5 Re3+ 37. Kd6 Rxe2 38. Rc1 $10) 32. gxf6 (32. Nf4 Rc6 33. exf5
gxf5 34. Bb5 Rxc5 35. dxc5 Bxb2 36. Rh1 Bd4+ 37. Kf3 Bxc5 $17) 32... Bh6+ 33.
Kf3 Rxf6+ 34. Kg3 Rc6 35. Be7 Re8 36. Bc5 Rd8 37. Be7 Rd7 38. Bb4 Bc4 39. Bxc4+
Rxc4 40. Bc3 Rf7 41. Rh1 Bg7 42. e5 Rf5 $1 43. Rh4 $2 (43. Nf4 $2 {Romanishin,O
} Bxe5 44. dxe5 Rfxf4 45. e6 Rg4+ 46. Kf3 Rcf4+ 47. Ke3 Rh4 $19) 43... Rg5+ 44.
Kh3 Rh5 $1 45. Rxh5 gxh5 46. Ng3 (46. Kh4 $142 {Romanishin,O} Bxe5 47. Kxh5 Bd6
48. Kg6 b5 49. Kf5 Kf7 $17) 46... Bf8 47. e6 Bxa3 48. d5 Rxc3 $1 $19 49. bxc3
Bf8 50. Nf5 (50. Ne2 {Romanishin,O} a3 51. Nc1 Kg7) 50... a3 51. d6 Bxd6 (51...
a2 {Romanishin,O} 52. d7 a1=Q 53. Nh6+ Kh7 $1 54. d8=Q Qf1+ 55. Kh4 Qf4+) 52.
Nxd6 Kf8 53. e7+ Kxe7 54. Nf5+ Kf6 55. Nd4 a2 56. Nc2 Ke5 57. Kh4 Kd6 {0-1
Beliavsky,A-Romanishin,O/Groningen 59/589 1993}) (7. Qa4+ $5 Nc6 8. a3) 7... e5
$1 $146 8. g4 $5 (8. Nxe5 $2 Ne4 9. Nd3 Nxc3 10. Qb3 Nxe2+ 11. Nxb4 Nxd4 $17) (
8. dxe5 Ng4 (8... Ne4 9. Bd2 Nxd2 10. Qxd2 Nc6 11. a3 Ba5 12. b4 Bb6 13. e4 Qe6
14. Bb5 O-O $44) 9. Qd5 $14) 8... Bxc3+ (8... Nxg4 $6 9. Qa4+ Nc6 10. d5 Bxc3+
11. bxc3 e4 12. dxc6 b5 13. Qd4 exf3 14. Qxg7 $16) 9. bxc3 Nxg4 10. h3 Nxf2 11.
Kxf2 e4 12. Ba3 Nc6 13. Rg1 exf3 14. exf3 (14. e4 $5 Qxe4 15. Qe1 (15. Rxg7
Qh4+ 16. Rg3 Be6 17. Qxf3 O-O-O $17) 15... f5 16. Bd3 Qxe1+ 17. Raxe1+ Kf7 18.
d5 $1 $14 (18. Kxf3 $2 Be6 $15)) 14... Be6 15. Qb1 {With the idea of queen
exchange and attack on b7, but...} Qf4 $1 16. Qxb7 {[#]} Bd5 $3 17. Rg3 (17.
Qxa8+ Kd7 18. Qxh8 Qxf3+ 19. Ke1 Qxc3+ 20. Kf2 Qf3+ 21. Ke1 Qe3+ 22. Kd1 Bf3+
23. Kc2 Nxd4+ $19) 17... Rb8 18. Qa6 Kd7 19. Qd3 Na5 20. Qe3 (20. Rxg7 Nc4 21.
Bc1 Qh4+ 22. Kg1 Rhg8 23. Qf5+ Be6 24. Qg5 Rxg7 25. Qxg7 Qe1 $17) 20... Qxe3+
21. Kxe3 Rhe8+ 22. Kd2 g6 $17 23. f4 Re4 24. Bb4 $138 Nc4+ 25. Bxc4 Bxc4 26.
Re3 Rxf4 27. Re7+ Kc6 28. Rae1 Rf2+ 29. Ke3 Rxa2 $19 30. Re5 Rb5 31. Kf4 Rf2+
32. Kg3 Rf5 33. Rxf5 Rxf5 34. Ra1 a6 0-1